| 000 | 00941nam a2200289 i 4500 | ||
|---|---|---|---|
| 003 | EG-GICUC | ||
| 005 | 20260128131528.0 | ||
| 008 | 260128s1994 fr ad||fr|||| 00| 0 fre d | ||
| 020 | _a2707123404 | ||
| 040 |
_aEG-GiCUC _bfre _cEG-GiCUC _dEG-GiCUC _eRda |
||
| 041 | 0 | _afre | |
| 082 | 0 | 4 |
_221 _a341.81044 _bNO |
| 092 | 0 | 4 | _221 |
| 099 | _aLaw1 12 341.81044 NO 1994 | ||
| 245 | 0 | 3 | _aLe nouveau guide de la nationalité française. |
| 264 | 1 |
_aParis : _bÉditions La Découverte, _c1994. |
|
| 300 |
_a197 page : _billustration ; _c18 cm. |
||
| 336 |
_2rda contenu _a texte |
||
| 337 |
_2rda medias _aOrdinateur |
||
| 338 |
_2 transporteur rda _a Ressource en ligne |
||
| 490 | _aGisti Groupe D'information Et De Soutien Des Travailleurs Immigrés | ||
| 546 | _aTexte en français | ||
| 650 | 1 | 4 | _aDroit international privé |
| 856 | 4 | 0 | _uhttps://fll.law.cu.edu.eg/fulltext/bks/B12-02381.pdf |
| 905 | _a48 | ||
| 942 |
_2ddc _cBK _e21 _n0 |
||
| 999 |
_c59929 _d59929 |
||